Agricultural land settlement /

Bibliographic Details
Main Author: Goering, Theodore J.
Other Authors: Bruce, Colin M. F., Curling, Brenda J.
Format: Book
Language:English
Published: Washington D.C. : World Bank, 1978.
Series:World Bank issues paper.
Subjects:

MARC

Tag First Indicator Second Indicator Subfields
LEADER 00000cam a2200000 a 4500
001 in00000089425
005 20151008063441.0
008 790410s1978 dcua b 00010 engm
010 |a  78102948  
035 |a (OCoLC)04933519 
035 |9 AAK2258AM 
040 |a DLC  |c DLC  |d m.c.  |d TXA  |d UtOrBLW 
049 |a TXAM  |c [1654908] 
050 0 0 |a HD1516.A3  |b G55 
082 0 |a 333.1 
100 1 |a Goering, Theodore J. 
245 1 0 |a Agricultural land settlement /  |c [Theodore J. Goering, coordinating author, Colin M.F. Bruce and Brenda J. Curling]. 
264 1 |a Washington D.C. :  |b World Bank,  |c 1978. 
300 |a 73 pages :  |b illustrations ;  |c 22 cm. 
336 |a text  |b txt  |2 rdacontent 
337 |a unmediated  |b n  |2 rdamedia 
338 |a volume  |b nc  |2 rdacarrier 
490 1 |a A World Bank issues paper 
500 |a Spine title: Land settlement. 
504 |a Includes bibliographical references. 
610 2 0 |a World Bank. 
650 0 |a Land settlement. 
650 0 |a Agricultural colonies. 
700 1 |a Bruce, Colin M. F. 
700 1 |a Curling, Brenda J. 
830 0 |a World Bank issues paper. 
999 |a MARS 
999 f f |s b3b8fecf-64e2-301e-b86c-ab9125619c95  |i 79a1f120-5cce-34fb-b59a-834a787fcd7e  |t 0 
952 f f |p ric  |a Texas A&M University  |b Rellis Campus  |c Joint Library Facility  |d Remote Storage  |t 0  |e HD1516.A3 G55  |h Library of Congress classification  |i unmediated -- volume  |m A14806126306 
998 f f |a HD1516.A3 G55  |t 0  |l Remote Storage